|
|
|
|
| LEADER |
00000nam a22000007a 4500 |
| 005 |
2018031905595.0 |
| 007 |
cr|||| |||| |
| 008 |
180319s2017 br |||||s|||| 00||0 por d |
| 020 |
|
|
|a 978-85-361-9233-8
|
| 035 |
|
|
|a 21074
|
| 040 |
|
|
|a vLex
|
| 090 |
|
|
|c 7488
|d 7488
|
| 100 |
1 |
|
|a Teixeira Filho, Manoel Antonio
|
| 245 |
1 |
0 |
|a Sistema dos Recursos Trabalhistas
|h [Recurso electrn̤ico] /
|c Manoel Antonio Teixeira Filho
|
| 256 |
|
|
|a Servicio en ln̕ea
|
| 260 |
|
|
|a San Pablo:
|b LTR,
|c 2017
|
| 300 |
|
|
|a 1 recurso electrn̤ico
|
| 500 |
|
|
|a O Autor atualizou, totalmente, esta 13.® ediȯ̂, de acordo com o novo CPC, tendo, por exemplo, inserido item sobre o julgamento de recursos extraordinr̀ios repetitivos, alm̌ de capt̕ulos a respeito da Reclamaȯ̂ e do Agravo Interno. Nô foram somente as normas do novo CPC que mereceram a atenȯ̂ do Prof. Manoel Antonio Teixeira Filho, que tambm̌ dedicou itens sobre o julgamento de recursos de revistas repetitivos e sobre o incidente de uniformizaȯ̂ da jurisprudn̊cia dos Tribunais Regionais do Trabalho, ambos regidos pela Lei n.ð 13.015, de 21.7.2014. As matřias que integram o livro sô expostas de maneira didt̀ica, sem prejuz̕o do seu aprofundamento, sempre que necessr̀io. Trata-se, por isso, de obra indispensv̀el para advogados, juz̕es, membros do Ministřio Pb︢lico, professores e acadm̊icos de Direito.
|
| 506 |
1 |
|
|a Disponible solo en los productos indicados
|d vLex Global
|d vLex Global (Academic Edition, excluding Law Schools)
|d vLex Global (U.S. Academic Edition, Law Schools)
|d vLex Global (U.S. Academic Edition, excluding Law Schools)
|d vLex Global (Academic Edition, Law Schools)
|
| 650 |
0 |
4 |
|a Derecho Laboral y Seguridad Social
|z Brasil
|
| 740 |
0 |
|
|a vLex Libros (Servicio en ln̕ea)
|
| 856 |
4 |
0 |
|u http://vlex.com/source/sistema-dos-recursos-trabalhistas-21074
|z Acceso restringido
|
| 942 |
|
|
|c BOOK
|
| 999 |
0 |
|
|a Labor law and social security
|